000 01224nam a22002657a 4500
003 OSt
005 20210218144056.0
008 210218s2015 ar ad||gr|||| 00| 0 spa d
020 _a9789804220319
040 _aCO-JMCR
_cCO-JMCR
041 0 _aspa
082 0 4 _a330 /
_bS392e
_223
100 1 _aSchumpeter, Joseph A.,
_eautor
_94611
245 1 0 _aEconomía política del crecimiento :
_bcadenas causales y mecanismos institucionales /
_cJoseph A. Schumpeter, Karl Polanyi, Alexander Gerschenkron [y 11 más],
260 _aArgentina :
_bCorporación Andina de Fomento,
_c2015
300 _a556 páginas :
_bilustraciones y graficas en blanco y negro ;
_c21 cm.
490 0 _aEstado, gestión pública y desarrollo en América Latina
505 0 _aVisiones del desarrollo económico -- Desarrollos divergentes
650 2 4 _aPolítica económica
_913646
650 2 4 _aDesarrollo económico
_913647
650 2 4 _aEstado
_xAspectos económicos.
_913648
700 1 _aPolanyi, Karl,
_eautor
_913649
700 1 _aGerschenkron, Alexander,
_eautor
_913650
942 _2ddc
_cBK
999 _c7241
_d7241